Nuevas aventuras de un mifense / (Registro nro. 12118)

Detalles MARC
000 -LIDER
fixed length control field 00724nam a22002537a 4500
001 - NÚMERO DE CONTROL
Identificador de número de control 0011830
003 - IDENTIFICACDOR DE NÚMERO DE CONTROL
control field DO-SdBNP
005 - DATE AND TIME OF LATEST TRANSACTION
control field 20180209115635.0
007 - CAMPOS FIJOS DE DESCRIPCIÓN FÍSICA
fixed length control field 0011830
008 - ELEMENTOS DE LONGITUD FIJA
fixed length control field 161128b 1991 sp||||| |||| 00| 0 spa d
020 ## - ISBN
International Standard Book Number 9788434827127
040 ## - FUENTE DE CATALOGACIÓN
Agencia que crea de manera original el registro BPMSU
Idioma de catalogación spa
Agencia que realiza la transcripción BPMSU
100 1# - ASIENTO PRINCIPAL -- NOMBRE PERSONAL
Nombre personal Terán, Rocío de
245 10 - MENCIÓN DE TITULO
Título Nuevas aventuras de un mifense /
Mención de responsabilidad Rocío de Terán ; ilustración Margarita Puncel
250 ## - MENCIÓN DE EDICION
Mención de edición 3a ed.
260 ## - PUBLICACIÓN, DISTRIBUCIÓN, ETC. (PIE DE IMPRENTA)
Lugar de publicación, distribución, etc Madrid :
Nombre del editor, distribuidor, etc. S. M.,
Fecha de publicación, distribución, etc 1991.
300 ## - DESCRIPCIÓN FÍSICA
Extensión 139 p. :
Otros detalles físicos il.,
Dimensiones 19 cm.
490 1# - MENCIÓN DE SERIES
Mención de serie El Barco de vapor
Volume/sequential designation 55
700 1# - ASIENTO SECUNDARIO -- NOMBRE PERSONAL
Nombre personal Puncel, Margarita,
Mención de responsabilidad il.
830 #0 - ASIENTO SECUNDARIO DE SERIE--TÍTULO UNIFORME
Título uniforme El Barco de vapor
Volume number/sequential designation 55
942 ## - ADDED ENTRY ELEMENTS (KOHA)
Source of classification or shelving scheme Dewey Decimal Classification
Koha item type Libros
945 ## - INFORMACIÓN DE PROCESAMIENTO LOCAL
Información de procesamiento local Inventariado, 2018/MFF
956 ## - LOCAL ELECTRONIC LOCATION AND ACCESS (OCLC)
Nombre de host BTAVÁREZ
Número de acceso 10
Información de compresión 20161128
Trayectoria 0011830
Existencias
Withdrawn status Lost status Source of classification or shelving scheme Damaged status Not for loan Collection code Home library Current library Date acquired Source of acquisition Total Checkouts Barcode Date last seen Price effective from Koha item type
    Dewey Decimal Classification     Colección Infantil General Biblioteca Pública Metropolitana Salomé Ureña Biblioteca Pública Metropolitana Salomé Ureña 11/28/2016 Cuesta centro del libro   BPMSU16111574 11/28/2016 11/28/2016 Libros